| 000 | 00549nam a22001937a 4500 | ||
|---|---|---|---|
| 003 | LK-CoMWRAF | ||
| 005 | 20240104222834.0 | ||
| 008 | 240104b |||||||| |||| 00| 0 eng d | ||
| 040 |
_aLK-CoMWRAF _dLK-CoMWRAF _eLK-CoMWRAF |
||
| 041 | _aeng | ||
| 082 |
_a305.42 _bNAY |
||
| 100 | _aNayak, Nalini | ||
| 245 |
_aWomen, trade, ecology and development : _bthe context in South Asia |
||
| 260 |
_aNew Delhi: _bSangat, _c[2006?] |
||
| 300 | _a15 p. ; 18 cm | ||
| 650 | _aWomen in development -South Asia | ||
| 700 | _a Rao, V. Rukmini | ||
| 942 | _cBK | ||
| 999 |
_c4583 _d4583 |
||